000 01548nam a2200421 i 4500
001 ELB79714
003 FINmELB
005 20250326043034.0
006 m o d |
007 cr cnu||||||||
008 210628s2013 uy ob 000 0 spa d
020 _a9789974010529
_q(e-book)
035 _a(OCoLC)1261027640
040 _aFINmELB
_bspa
_erda
_cFINmELB
050 1 4 _aHN60
_bD212 2013
080 _a159.9:61
082 0 4 _a646.7
_223
100 1 _aDapueto Prieto, Juan José.
245 1 0 _aCalidad de vida :
_bmarco conceptual, operacionalización y aplicaciones clínicas /
_cJuan José Dapueto.
264 1 _aMontevideo :
_bUniversidad de la República,
_c2013.
300 _a1 recurso en línea (122 páginas)
336 _atexto
_btxt
_2rdacontent/spa
337 _acomputadora
_bc
_2rdamedia/spa
338 _arecurso en línea
_bcr
_2rdacarrier/spa
490 1 _aBiblioteca Plural
504 _aContiene bibliografía.
588 _aDescripción basada en metadatos suministrados por el editor y otras fuentes.
590 _aRecurso electrónico. Santa Fe, Arg.: elibro, 2021. Disponible vía World Wide Web. El acceso puede estar limitado para las bibliotecas afiliadas a elibro.
650 0 _aQuality of life.
650 4 _aCalidad de vida.
655 4 _aLibros electrónicos.
797 2 _aelibro, Corp.
830 0 _aBiblioteca Plural.
856 4 0 _uhttps://elibro.net/ereader/usam/79714
999 _c139402
_d139402